Memoria leída en el Ateneo Científico, Literario y Artístico de Madrid, en la Junta General de 31 de diciembre de 1861 / (Record no. 19926)

MARC details
000 -LEADER
campo de control de longitud fija 00874nam a2200217 i 4500
001 - NÚMERO DE CONTROL
campo de control 19926
003 - IDENTIFICADOR DE NÚMERO DE CONTROL
campo de control ES-MaACL
005 - FECHA Y HORA DE LA ÚLTIMA TRANSACCIÓN
campo de control 20230906152208.0
007 - CAMPO FIJO DE DESCRIPCIÓN FÍSICA--INFORMACIÓN GENERAL
campo de control de longitud fija t|
008 - DATOS DE LONGITUD FIJA--INFORMACIÓN GENERAL
campo de control de longitud fija 010625s1862 sp ||||1| spa d
080 ## - NÚMERO DE LA CLASIFICACIÓN DECIMAL UNIVERSAL
Número de la Clasificación Decimal Universal 061.21(460.27) Ateneo
110 2# - ENTRADA PRINCIPAL--NOMBRE DE ENTIDAD CORPORATIVA
Nombre de entidad corporativa o nombre de jurisdicción como elemento de entrada Ateneo de Madrid.
9 (RLIN) 1875
245 10 - MENCIÓN DEL TÍTULO
Título Memoria leída en el Ateneo Científico, Literario y Artístico de Madrid, en la Junta General de 31 de diciembre de 1861 /
Mención de responsabilidad, etc. por D. Fernando Fulgosio, secretario primero del mismo.
260 ## - PUBLICACIÓN, DISTRIBUCIÓN, ETC.
Lugar de publicación, distribución, etc. Madrid :
Nombre del editor, distribuidor, etc. [s.n.],
Fecha de publicación, distribución, etc. 1862 (
Fabricante Imp. de Tejado)
300 ## - DESCRIPCIÓN FÍSICA
Extensión 23 p. ;
Dimensiones 23 cm.
610 24 - PUNTO DE ACCESO ADICIONAL DE MATERIA--NOMBRE DE ENTIDAD CORPORATIVA
Nombre de entidad corporativa o nombre de jurisdicción como elemento de entrada Ateneo de Madrid-
Subdivisión de forma Memorias de Secretaría.
9 (RLIN) 1929
610 24 - PUNTO DE ACCESO ADICIONAL DE MATERIA--NOMBRE DE ENTIDAD CORPORATIVA
Nombre de entidad corporativa o nombre de jurisdicción como elemento de entrada Ateneo de Madrid-
Subdivisión de forma Obras digitalizadas.
9 (RLIN) 1930
700 1# - ENTRADA AGREGADA--NOMBRE PERSONAL
Nombre de persona Fulgosio, Fernando.
9 (RLIN) 52994
852 4# - LOCALIZACIÓN
Ubicación ES-MaACL
Número de control de estantería T-154-F-5
856 4# - LOCALIZACIÓN Y ACCESO ELECTRÓNICOS
Identificador Uniforme de Recursos <a href="http://www.ateneodemadrid.net/biblioteca_digital/folletos/Memoria-1861.pdf">http://www.ateneodemadrid.net/biblioteca_digital/folletos/Memoria-1861.pdf</a>
Nota pública Ver documento
Holdings
Estatus retirado Estado de pérdida Fuente del sistema de clasificación o colocación Estado de daño No para préstamo Colección Biblioteca de origen Biblioteca actual Ubicación en estantería Fecha de adquisición Total de préstamos Signatura topográfica completa Código de barras Visto por última vez Precio de reemplazo Tipo de ítem Koha
    Clasificación decimal universal     Fondo Ateneo de Madrid Biblioteca del Ateneo de Madrid Biblioteca del Ateneo de Madrid Depósito folletos 17/01/2008   T-154-F-5 1020410 23/02/2023 23/02/2023 Folleto